[Event "NED-chT 2223"]
[Site "Netherlands"]
[Date "2023.03.11"]
[Round "7.9"]
[White "De Wit, Michel"]
[Black "Jansen, Bob"]
[Result "1/2-1/2"]
[WhiteElo "2162"]
[BlackElo "2175"]
[PlyCount "63"]
[EventDate "2022.09.17"]
[EventType "team-tourn"]
[EventRounds "9"]
[EventCountry "NED"]
[SourceTitle "CBM 213 Extra"]
[Source "ChessBase"]
[SourceDate "2023.05.31"]
[SourceVersion "1"]
[SourceVersionDate "2023.05.31"]
[SourceQuality "1"]
[WhiteTeam "Charlois Europoort"]
[BlackTeam "De Stukkenjagers"]
[WhiteTeamCountry "NED"]
[BlackTeamCountry "NED"]

1. e4 e6 2. d4 d5 3. Nd2 Be7 4. Bd3 c5 5. dxc5 Nf6 6. exd5 Qxd5 7. Ngf3 Nbd7 8. Qe2 Nxc5 9. Bc4 Qd6 10. 0-0 0-0 11. Nb3 Nxb3 12. Bxb3 Nd7 13. c3 Qc7 14. Bc2 e5 15. Re1 Bf6 16. Bg5 Bxg5 17. Nxg5 g6 18. Bb3 Nc5 19. Bd5 h6 20. Nxf7 Rxf7 21. Bxf7+ Kxf7 22. Qxe5 Qxe5 23. Rxe5 Nd3 24. Re3 Nxb2 25. Rae1 Bf5 26. Re7+ Kf6 27. Rxb7 Nd3 28. Ree7 Rc8 29. Rf7+ Kg5 30. Rbc7 Rb8 31. Rb7 Rc8 32. Rbc7 1/2-1/2

[Event "NED-chT 2223"]
[Site "Netherlands"]
[Date "2022.11.05"]
[Round "3.9"]
[White "Maatman, Nick"]
[Black "De Wit, Michel"]
[Result "1-0"]
[WhiteElo "2336"]
[BlackElo "2162"]
[PlyCount "113"]
[EventDate "2022.09.17"]
[EventType "team-tourn"]
[EventRounds "9"]
[EventCountry "NED"]
[SourceTitle "CBM 213 Extra"]
[Source "ChessBase"]
[SourceDate "2023.05.31"]
[SourceVersion "1"]
[SourceVersionDate "2023.05.31"]
[SourceQuality "1"]
[WhiteTeam "Groningen Combinatie"]
[BlackTeam "Charlois Europoort"]
[WhiteTeamCountry "NED"]
[BlackTeamCountry "NED"]

1. d4 Nf6 2. c4 e6 3. Nf3 d5 4. g3 c6 5. Bg2 Bd6 6. 0-0 Nbd7 7. Qc2 0-0 8. Rd1 Qe7 9. Bf4 Bxf4 10. gxf4 Nh5 11. e3 f5 12. Nbd2 Nhf6 13. cxd5 cxd5 14. Rac1 Rd8 15. Nb3 b6 16. Ne5 Nxe5 17. dxe5 Ne8 18. Nd4 Bd7 19. Nc6 Bxc6 20. Qxc6 Rab8 21. Qa4 Rdc8 22. Bf1 g5 23. fxg5 Qxg5+ 24. Kh1 Qe7 25. Ba6 Rc5 26. Rg1+ Ng7 27. Qf4 Qc7 28. Rcd1 Kh8 29. Bd3 Rg8 30. Rg2 Rc1 31. Rdg1 Rxg1+ 32. Rxg1 Qb7 33. Qd4 Rc8 34. h3 Qe7 35. Kh2 Qc7 36. Qf4 Nh5 37. Qd4 Rf8 38. Kh1 f4 39. e4 Qc5 40. Qxc5 bxc5 41. exd5 exd5 42. Rg5 Ng7 43. e6 Nxe6 44. Rxd5 Rg8 45. Bf5 Nd4 46. Bg4 Re8 47. Rxc5 Re1+ 48. Kg2 Rb1 49. Rc4 f3+ 50. Bxf3 Nxf3 51. Kxf3 Rxb2 52. Rc8+ Kg7 53. Rc7+ Kg6 54. Rxa7 Rb1 55. a4 Rh1 56. Kg2 Ra1 57. a5 1-0

[Event "NED-chT 1920"]
[Site "Netherlands"]
[Date "2019.11.02"]
[Round "2.3"]
[White "De Wit, Michel"]
[Black "Van der Werf, Mark"]
[Result "0-1"]
[WhiteElo "2176"]
[BlackElo "2396"]
[PlyCount "30"]
[EventDate "2019.09.28"]
[EventType "team-tourn"]
[EventRounds "9"]
[EventCountry "NED"]
[SourceTitle "CBM 193 Extra"]
[Source "ChessBase"]
[SourceDate "2020.01.31"]
[SourceVersion "1"]
[SourceVersionDate "2020.01.31"]
[SourceQuality "1"]
[WhiteTeam "Charlois Europoort"]
[BlackTeam "Leiden LSG"]
[WhiteTeamCountry "NED"]
[BlackTeamCountry "NED"]

1. e4 d6 2. d4 Nf6 3. Nc3 g6 4. Be2 Bg7 5. Be3 0-0 6. g4 c5 7. dxc5 Qa5 8. cxd6 Nxe4 9. dxe7 Re8 10. Bd4 Nxc3 11. bxc3 Bxd4 12. Qxd4 Nc6 13. Qf6 Nxe7 14. Kf1 Nd5 15. Qg5 Ne3+ 0-1

[Event "NED-chT 1819"]
[Site "Netherlands"]
[Date "2018.12.15"]
[Round "5.1"]
[White "Pijpers, Arthur"]
[Black "De Wit, Michel"]
[Result "1-0"]
[WhiteElo "2465"]
[BlackElo "2170"]
[PlyCount "73"]
[EventDate "2018.09.15"]
[EventType "team-tourn"]
[EventRounds "9"]
[EventCountry "NED"]
[SourceTitle "CBM 189 Extra"]
[Source "ChessBase"]
[SourceDate "2019.06.03"]
[SourceVersion "1"]
[SourceVersionDate "2019.06.03"]
[SourceQuality "1"]
[WhiteTeam "Leiden LSG"]
[BlackTeam "Charlois Europoort"]
[WhiteTeamCountry "NED"]
[BlackTeamCountry "NED"]

1. e4 e5 2. Nf3 Nc6 3. Bb5 a6 4. Ba4 Nge7 5. c3 g6 6. d4 exd4 7. cxd4 b5 8. Bc2 d5 9. exd5 Nxd5 10. 0-0 Bg7 11. Bg5 Qd6 12. Nbd2 f5 13. Re1+ Be6 14. Qe2 Kf7 15. Nb3 Rae8 16. Ne5+ Nxe5 17. dxe5 Qb6 18. Rad1 h6 19. Bc1 Nb4 20. Be3 Qb8 21. Nc5 Nxc2 22. Qxc2 Qc8 23. Nxe6 Rxe6 24. Qb3 Rd8 25. f4 Rxd1 26. Rxd1 Bf8 27. a4 Qe8 28. Rc1 Qd7 29. axb5 axb5 30. Qc2 c6 31. Rd1 Qc7 32. Qb3 Be7 33. h3 h5 34. Ra1 Qc8 35. Ra7 Kf8 36. Qa2 Kg7 37. Bc5 1-0

[Event "NED-chT 1819"]
[Site "Netherlands"]
[Date "2018.10.06"]
[Round "2.6"]
[White "Riemersma, Liafbern"]
[Black "De Wit, Michel"]
[Result "0-1"]
[WhiteElo "2455"]
[BlackElo "2170"]
[PlyCount "88"]
[EventDate "2018.09.15"]
[EventType "team-tourn"]
[EventRounds "9"]
[EventCountry "NED"]
[SourceTitle "CBM 187 Extra"]
[Source "ChessBase"]
[SourceDate "2018.11.04"]
[SourceVersion "1"]
[SourceVersionDate "2018.11.04"]
[SourceQuality "1"]
[WhiteTeam "BSG"]
[BlackTeam "Charlois Europoort"]
[WhiteTeamCountry "NED"]
[BlackTeamCountry "NED"]

1. c4 Nf6 2. g3 e6 3. Bg2 d5 4. Nf3 Bd6 5. 0-0 Nbd7 6. d4 c6 7. Nfd2 0-0 8. Nc3 Bc7 9. e4 dxe4 10. Ndxe4 Nxe4 11. Nxe4 e5 12. d5 cxd5 13. cxd5 f5 14. d6 fxe4 15. dxc7 Qxc7 16. Qb3+ Rf7 17. Be3 Nf6 18. Rac1 Qe7 19. a3 Be6 20. Qb5 Bd5 21. Bg5 Qe6 22. Qe2 Qb6 23. Rfd1 Bc6 24. b4 Bb5 25. Qe3 Ng4 26. Qxb6 axb6 27. Rd8+ Rxd8 28. Bxd8 Rxf2 29. Bxb6 Ra2 30. h3 Nf6 31. Rc5 Bd3 32. Rc8+ Kf7 33. Rc7+ Kg6 34. Rxb7 Ra1+ 35. Kh2 Ra2 36. Kg1 Rxa3 37. Bc5 Ra1+ 38. Kh2 Ra2 39. Kg1 e3 40. Bc6 e2 41. Bf2 Ra1+ 42. Kg2 e4 43. Re7 e1Q 44. Bxe1 Rxe1 0-1

[Event "NED-chT 1617"]
[Site "Netherlands"]
[Date "2017.04.01"]
[Round "8.9"]
[White "De Wit, Michel"]
[Black "Kerkvliet, Maximiliaan"]
[Result "0-1"]
[WhiteElo "2205"]
[BlackElo "2202"]
[PlyCount "64"]
[EventDate "2016.09.17"]
[EventType "team-tourn"]
[EventRounds "9"]
[EventCountry "NED"]
[SourceTitle "EXT 2018"]
[Source "ChessBase"]
[SourceDate "2017.10.13"]
[SourceVersion "1"]
[SourceVersionDate "2017.10.13"]
[SourceQuality "1"]
[WhiteTeam "Charlois Europoort"]
[BlackTeam "Kennemer Combinatie"]
[WhiteTeamCountry "NED"]
[BlackTeamCountry "NED"]

1. e4 d5 2. exd5 Qxd5 3. d4 Nc6 4. Nf3 Bg4 5. Be2 0-0-0 6. c4 Qf5 7. Be3 Bxf3 8. gxf3 Nxd4 9. Bxd4 Qa5+ 10. Qd2 Qxd2+ 11. Nxd2 Rxd4 12. 0-0-0 e5 13. Ne4 Be7 14. Rxd4 exd4 15. Rd1 c5 16. b4 b6 17. bxc5 bxc5 18. Rg1 g6 19. Kc2 f5 20. Nd2 Nf6 21. Rb1 Rd8 22. Nb3 Nh5 23. Nc1 Nf4 24. Bf1 Rd6 25. Rb2 Ra6 26. Kd1 Ra3 27. Rb3 Ra4 28. Rb2 Kc7 29. Rb3 Bh4 30. Ke1 Bg5 31. Rb2 Ng2+ 32. Bxg2 Bxc1 0-1

[Event "BEL-chT 1617"]
[Site "Belgium"]
[Date "2017.02.12"]
[Round "7.6"]
[White "Braun, Christian1111"]
[Black "De Wit, Michel"]
[Result "1-0"]
[WhiteElo "2376"]
[BlackElo "2196"]
[PlyCount "65"]
[EventDate "2016.10.02"]
[EventType "team-tourn"]
[EventRounds "11"]
[EventCountry "BEL"]
[SourceTitle "EXT 2018"]
[Source "ChessBase"]
[SourceDate "2017.10.13"]
[SourceVersion "1"]
[SourceVersionDate "2017.10.13"]
[SourceQuality "1"]
[WhiteTeam "Amay"]
[BlackTeam "The Belgian CC"]
[WhiteTeamCountry "BEL"]
[BlackTeamCountry "BEL"]

1. e4 e5 2. Nf3 Nc6 3. Bc4 Nf6 4. d3 Be7 5. 0-0 0-0 6. Nc3 d6 7. a3 Be6 8. Nd5 Qd7 9. c3 Nd8 10. Ng5 c6 11. Nxe6 Nxe6 12. Nxe7+ Qxe7 13. Ba2 Rad8 14. Re1 c5 15. Qf3 b5 16. Be3 Qc7 17. a4 bxa4 18. Bc4 Nd7 19. Rxa4 Nb6 20. Ra2 Nxc4 21. dxc4 Rb8 22. Qd1 Nd8 23. Qd5 Nc6 24. Ra6 Rbc8 25. Rea1 Rfd8 26. h3 Kh8 27. R1a4 f6 28. b4 cxb4 29. cxb4 Nb8 30. Rxa7 Qxc4 31. Qxc4 Rxc4 32. b5 Rc2 33. Rb7 1-0

[Event "NED-chT 1617"]
[Site "Netherlands"]
[Date "2017.02.04"]
[Round "6.9"]
[White "De Wit, Michel"]
[Black "Hoekstra, Carl"]
[Result "1-0"]
[WhiteElo "2205"]
[BlackElo "1877"]
[PlyCount "71"]
[EventDate "2016.09.17"]
[EventType "team-tourn"]
[EventRounds "9"]
[EventCountry "NED"]
[SourceTitle "EXT 2018"]
[Source "ChessBase"]
[SourceDate "2017.10.13"]
[SourceVersion "1"]
[SourceVersionDate "2017.10.13"]
[SourceQuality "1"]
[WhiteTeam "Charlois Europoort"]
[BlackTeam "SISSA"]
[WhiteTeamCountry "NED"]
[BlackTeamCountry "NED"]

1. e4 g6 2. d4 Bg7 3. Nf3 c6 4. Be2 d5 5. Nc3 Bg4 6. Be3 e6 7. h3 Bxf3 8. Bxf3 Ne7 9. Qd2 Nd7 10. 0-0-0 Qa5 11. Kb1 b5 12. Bf4 b4 13. Ne2 Qb5 14. Rhe1 a5 15. Bg5 Nc8 16. Nf4 0-0 17. Bg4 Nf6 18. Bxf6 Bxf6 19. e5 Bg7 20. h4 a4 21. h5 Nb6 22. hxg6 hxg6 23. Nxg6 Rfb8 24. Qg5 b3 25. Bxe6 bxa2+ 26. Ka1 Ra7 27. Bxf7+ Rxf7 28. e6 Rxf2 29. Ne7+ Kf8 30. Nf5 Rxf5 31. Qxf5+ Ke7 32. Qf7+ Kd6 33. Qf4+ Ke7 34. Qxb8 a3 35. Qa7+ Kd6 36. Qxa3+ 1-0

[Event "NED-chT 1617"]
[Site "Netherlands"]
[Date "2016.12.17"]
[Round "5.2"]
[White "De Wit, Michel"]
[Black "Reinderman, Dimitri"]
[Result "0-1"]
[WhiteElo "2205"]
[BlackElo "2571"]
[PlyCount "82"]
[EventDate "2016.09.17"]
[EventType "team-tourn"]
[EventRounds "9"]
[EventCountry "NED"]
[SourceTitle "EXT 2018"]
[Source "ChessBase"]
[SourceDate "2017.10.13"]
[SourceVersion "1"]
[SourceVersionDate "2017.10.13"]
[SourceQuality "1"]
[WhiteTeam "Charlois Europoort"]
[BlackTeam "Rotterdam Pathena"]
[WhiteTeamCountry "NED"]
[BlackTeamCountry "NED"]

1. e4 c5 2. c3 Nf6 3. e5 Nd5 4. Nf3 e6 5. d4 cxd4 6. cxd4 d6 7. Nc3 Nxc3 8. bxc3 Qc7 9. Bb2 Nd7 10. exd6 Bxd6 11. Bd3 b6 12. 0-0 0-0 13. Re1 Bb7 14. h3 Rfe8 15. Ne5 Nxe5 16. dxe5 Bf8 17. Qe2 Red8 18. Rad1 Rac8 19. Be4 g6 20. Rd4 Rxd4 21. cxd4 Bxe4 22. Qxe4 Qc2 23. Qxc2 Rxc2 24. Rb1 Be7 25. Kf1 Kf8 26. a3 Ke8 27. Bc1 Kd7 28. Ra1 b5 29. Be3 a5 30. Ke1 a4 31. Rb1 Kc6 32. Kd1 Ra2 33. Rc1+ Kd5 34. Rc7 Bxa3 35. Rxf7 Ke4 36. Bd2 b4 37. d5 Kxd5 38. Ra7 b3 39. Rxa4 b2 40. Kc2 Ra1 41. Ra5+ Kc6 0-1

[Event "BEL-chT 1617"]
[Site "Belgium"]
[Date "2016.11.27"]
[Round "4.6"]
[White "De Wit, Michel"]
[Black "Fontaine, Quentin"]
[Result "1/2-1/2"]
[WhiteElo "2196"]
[BlackElo "2269"]
[PlyCount "43"]
[EventDate "2016.10.02"]
[EventType "team-tourn"]
[EventRounds "11"]
[EventCountry "BEL"]
[SourceTitle "CBM 175 Extra"]
[Source "ChessBase"]
[SourceDate "2016.12.12"]
[SourceVersion "1"]
[SourceVersionDate "2016.12.12"]
[SourceQuality "1"]
[WhiteTeam "The Belgian CC"]
[BlackTeam "Fontaine"]
[WhiteTeamCountry "BEL"]
[BlackTeamCountry "BEL"]

1. e4 g6 2. d4 Bg7 3. Nf3 d6 4. Be2 Nf6 5. Nc3 0-0 6. 0-0 a6 7. a4 b6 8. Bg5 Bb7 9. e5 Nd5 10. Nxd5 Bxd5 11. exd6 Qxd6 12. Qd2 Nc6 13. c4 Be4 14. Bf4 Qd7 15. d5 Na5 16. Qb4 Nb7 17. Be3 a5 18. Qa3 Bxf3 19. Bxf3 Qd6 20. Qa2 Nc5 21. Rad1 Rad8 22. Bxc5 1/2-1/2

[Event "Brasschaat op 16th"]
[Site "Brasschaat"]
[Date "2016.08.26"]
[Round "7"]
[White "Sterckx, Pieter"]
[Black "De Wit, Michel"]
[Result "0-1"]
[WhiteElo "1937"]
[BlackElo "2224"]
[PlyCount "82"]
[EventDate "2016.08.20"]
[EventType "swiss"]
[EventRounds "9"]
[EventCountry "BEL"]
[SourceTitle "CBM 174 Extra"]
[Source "ChessBase"]
[SourceDate "2016.10.10"]
[SourceVersion "1"]
[SourceVersionDate "2016.10.10"]
[SourceQuality "1"]

1. e4 e5 2. Nf3 Nc6 3. Bc4 Nf6 4. Ng5 d5 5. exd5 Na5 6. Bb5+ c6 7. dxc6 bxc6 8. Be2 h6 9. Nh3 Bc5 10. d3 Nd5 11. Nc3 Nxc3 12. bxc3 Qh4 13. 0-0 g5 14. Be3 Bd6 15. Kh1 Bxh3 16. gxh3 f5 17. Rg1 Qxh3 18. Bh5+ Kd8 19. Qf3 Qh4 20. Bg6 e4 21. Qh5 Qxh5 22. Bxh5 exd3 23. cxd3 Be5 24. Rab1 Kc7 25. d4 Bd6 26. Be2 Rab8 27. c4 Bb4 28. f4 Rhe8 29. Rg3 Bd6 30. Rxb8 Kxb8 31. Bh5 Re4 32. c5 Bxf4 33. Bxf4+ Rxf4 34. Rd3 Nb7 35. Kg2 Kc7 36. Bg6 a6 37. h3 Kd7 38. Bf7 Nd8 39. Bg8 Ne6 40. d5 Nxc5 41. Bh7 Nxd3 0-1

[Event "Brasschaat op 16th"]
[Site "Brasschaat"]
[Date "2016.08.24"]
[Round "5"]
[White "Cheng, Ngo Hin"]
[Black "De Wit, Michel"]
[Result "1-0"]
[WhiteElo "1981"]
[BlackElo "2224"]
[PlyCount "89"]
[EventDate "2016.08.20"]
[EventType "swiss"]
[EventRounds "9"]
[EventCountry "BEL"]
[SourceTitle "CBM 174 Extra"]
[Source "ChessBase"]
[SourceDate "2016.10.10"]
[SourceVersion "1"]
[SourceVersionDate "2016.10.10"]
[SourceQuality "1"]

1. e4 e5 2. Nf3 Nc6 3. Bc4 Nf6 4. d3 Be7 5. 0-0 0-0 6. Re1 d6 7. a4 Bg4 8. c3 d5 9. exd5 Nxd5 10. a5 Nf4 11. a6 b6 12. h3 Bf5 13. Nxe5 Nxe5 14. Rxe5 Bxd3 15. Bxd3 Nxd3 16. Rxe7 Nxc1 17. Rd7 Ne2+ 18. Kf1 Qe8 19. g3 Qe4 20. Ra4 Nxg3+ 21. fxg3 Qh1+ 22. Kf2 Qh2+ 23. Kf3 Qxh3 24. Rh4 Qf5+ 25. Kg2 Qb5 26. Qc2 g6 27. Rhd4 Rae8 28. c4 Qh5 29. Nc3 Re1 30. Rh4 Qc5 31. Qf2 Qe5 32. Qd4 Qf5 33. Rf4 Qh5 34. Rh4 Qf5 35. Qf2 Qe6 36. Rxc7 Rd8 37. Rd4 Rxd4 38. Qxd4 Rc1 39. Qd8+ Kg7 40. Qd4+ Kg8 41. Ne4 Rc2+ 42. Kf3 h5 43. Qd8+ Kg7 44. Qd4+ Kg8 45. Qd7 1-0

[Event "Brasschaat op 16th"]
[Site "Brasschaat"]
[Date "2016.08.23"]
[Round "4"]
[White "De Wit, Michel"]
[Black "Kalle, Erwin"]
[Result "1-0"]
[WhiteElo "2224"]
[BlackElo "1938"]
[PlyCount "81"]
[EventDate "2016.08.20"]
[EventType "swiss"]
[EventRounds "9"]
[EventCountry "BEL"]
[SourceTitle "CBM 174 Extra"]
[Source "ChessBase"]
[SourceDate "2016.10.10"]
[SourceVersion "1"]
[SourceVersionDate "2016.10.10"]
[SourceQuality "1"]

1. e4 e5 2. Nf3 Nc6 3. Bb5 Nge7 4. c3 d5 5. Qa4 f6 6. exd5 Qxd5 7. 0-0 Bf5 8. d4 0-0-0 9. c4 Qd6 10. d5 Nb4 11. Qxa7 c6 12. dxc6 Nexc6 13. Bxc6 Qxc6 14. Be3 Nc2 15. Nc3 Nxe3 16. fxe3 Bc5 17. Qa8+ Kc7 18. Nb5+ Kd7 19. Qa4 Bxe3+ 20. Kh1 Bd3 21. Rfe1 Bxc4 22. Rxe3 Qxb5 23. Qc2 Ke6 24. a4 Qd5 25. Rae1 Bd3 26. Qc3 Kf7 27. Nxe5+ fxe5 28. Rxe5 Qd4 29. Qc7+ Rd7 30. Re7+ Rxe7 31. Qxe7+ Kg6 32. Re6+ Kf5 33. Qf7+ Kg5 34. Qe7+ Kf5 35. Rd6 Qe5 36. Qf7+ Kg4 37. Qf3+ Kh4 38. g3+ Kh3 39. Qg2+ Kg4 40. h3+ Kf5 41. Qf3+ 1-0

[Event "BEL-chT 1516"]
[Site "Belgium"]
[Date "2016.04.17"]
[Round "10.2"]
[White "Vandenbussche, Thibaut"]
[Black "De Wit, Michel"]
[Result "1-0"]
[WhiteElo "2419"]
[BlackElo "2234"]
[PlyCount "37"]
[EventDate "2015.09.27"]
[EventType "team-tourn"]
[EventRounds "11"]
[EventCountry "BEL"]
[SourceTitle "EXT 2017"]
[Source "ChessBase"]
[SourceDate "2016.10.25"]
[SourceVersion "1"]
[SourceVersionDate "2016.10.25"]
[SourceQuality "1"]
[WhiteTeam "KSK Rochade"]
[BlackTeam "TBCC"]
[WhiteTeamCountry "BEL"]
[BlackTeamCountry "BEL"]

1. e4 e5 2. Nf3 Nc6 3. d4 exd4 4. Bc4 Nf6 5. e5 d5 6. Bb5 Ne4 7. Nxd4 Bd7 8. Bxc6 bxc6 9. 0-0 Be7 10. f3 Ng5 11. f4 Ne4 12. Nc3 Nxc3 13. bxc3 c5 14. Nb3 c4 15. Nd4 0-0 16. f5 Bc5 17. f6 Re8 18. Qf3 Rxe5 19. Qg3 1-0

[Event "NED-chT 1516"]
[Site "Netherlands"]
[Date "2016.03.19"]
[Round "7.7"]
[White "De Wit, Michel"]
[Black "Van der Stricht, Geert"]
[Result "1/2-1/2"]
[WhiteElo "2234"]
[BlackElo "2378"]
[PlyCount "57"]
[EventDate "2015.09.26"]
[EventType "team-tourn"]
[EventRounds "9"]
[EventCountry "NED"]
[SourceTitle "EXT 2017"]
[Source "ChessBase"]
[SourceDate "2016.10.25"]
[SourceVersion "1"]
[SourceVersionDate "2016.10.25"]
[SourceQuality "1"]
[WhiteTeam "Charlois Europoort"]
[BlackTeam "Calder HMC"]
[WhiteTeamCountry "NED"]
[BlackTeamCountry "NED"]

1. e4 c5 2. c3 Nf6 3. e5 Nd5 4. Nf3 e6 5. Na3 a6 6. Qa4 Nc6 7. Qg4 f6 8. Nc4 fxe5 9. Ncxe5 Nxe5 10. Nxe5 Qf6 11. d4 cxd4 12. Qxd4 b6 13. Nf3 Bc5 14. Qe4 Bb7 15. Bg5 Qf5 16. Bd3 Qxe4+ 17. Bxe4 Ra7 18. Ne5 Nf6 19. Bxb7 Rxb7 20. 0-0 Ne4 21. Be3 Bxe3 22. fxe3 d6 23. Nc4 Rf8 24. Rf4 Rxf4 25. exf4 b5 26. Ne3 Rf7 27. Rf1 g6 28. g3 Kd7 29. Re1 1/2-1/2

[Event "NED-chT 1516"]
[Site "Netherlands"]
[Date "2015.11.07"]
[Round "3.6"]
[White "De Wit, Michel"]
[Black "Meissner, Felix"]
[Result "0-1"]
[WhiteElo "2234"]
[BlackElo "2298"]
[PlyCount "56"]
[EventDate "2015.09.26"]
[EventType "team-tourn"]
[EventRounds "9"]
[EventCountry "NED"]
[SourceTitle "EXT 2017"]
[Source "ChessBase"]
[SourceDate "2016.10.25"]
[SourceVersion "1"]
[SourceVersionDate "2016.10.25"]
[SourceQuality "1"]
[WhiteTeam "Charlois Europoort"]
[BlackTeam "SISSA"]
[WhiteTeamCountry "NED"]
[BlackTeamCountry "NED"]

1. e4 c5 2. c3 Nf6 3. e5 Nd5 4. Nf3 e6 5. Na3 Be7 6. Qa4 f5 7. exf6 Nxf6 8. d4 cxd4 9. Nxd4 Nc6 10. Bg5 0-0 11. Bd3 Ne5 12. 0-0-0 Nxd3+ 13. Rxd3 Ne4 14. Nxe6 Bxg5+ 15. f4 Nc5 16. Nxc5 Rxf4 17. Qb3+ d5 18. Kb1 Bf5 19. Nc2 Bxd3 20. Nxd3 Rf7 21. Rd1 Qd6 22. g3 a5 23. h4 Bf6 24. Nf4 a4 25. Qb5 Qc6 26. Qd3 Qc4 27. Qxd5 Qxd5 28. Rxd5 Bxh4 0-1

[Event "BEL-chT 1314"]
[Site "Belgium"]
[Date "2013.09.22"]
[Round "1.2"]
[White "De Wit, Michel"]
[Black "Wirig, Anthony"]
[Result "1/2-1/2"]
[WhiteElo "2269"]
[BlackElo "2495"]
[PlyCount "36"]
[EventDate "2013.09.22"]
[EventType "team-tourn"]
[EventRounds "11"]
[EventCountry "BEL"]
[SourceTitle "EXT 2015"]
[Source "ChessBase"]
[SourceDate "2014.11.20"]
[SourceVersion "1"]
[SourceVersionDate "2014.11.20"]
[SourceQuality "1"]
[WhiteTeam "Anderlecht"]
[BlackTeam "Fontaine"]
[WhiteTeamCountry "BEL"]
[BlackTeamCountry "BEL"]

1. e4 e6 2. d4 d5 3. Nd2 Nc6 4. Ngf3 Nf6 5. e5 Nd7 6. c4 dxc4 7. Nxc4 Nb6 8. Nxb6 axb6 9. Bd3 Bb4+ 10. Bd2 Be7 11. Bc3 Nb4 12. Bxb4 Bxb4+ 13. Ke2 Bd7 14. Qc2 Bc6 15. Be4 Bb5+ 16. Bd3 Bc6 17. Be4 Bb5+ 18. Bd3 Bc6 1/2-1/2

[Event "BEL-chT 1213"]
[Site "Belgium"]
[Date "2013.01.13"]
[Round "7.4"]
[White "Koch, Thomas"]
[Black "De Wit, Michel"]
[Result "1-0"]
[WhiteElo "2431"]
[BlackElo "2272"]
[PlyCount "55"]
[EventDate "2012.09.23"]
[EventType "team-tourn"]
[EventRounds "11"]
[EventCountry "BEL"]
[SourceTitle "EXT 2015"]
[Source "ChessBase"]
[SourceDate "2014.11.20"]
[SourceVersion "1"]
[SourceVersionDate "2014.11.20"]
[SourceQuality "1"]
[WhiteTeam "Eynatten"]
[BlackTeam "Anderlecht"]
[WhiteTeamCountry "BEL"]
[BlackTeamCountry "BEL"]

1. d4 Nf6 2. c4 e6 3. Nf3 b6 4. g3 Bb7 5. Bg2 c5 6. d5 d6 7. dxe6 fxe6 8. 0-0 Na6 9. Ng5 Bxg2 10. Nxe6 Qd7 11. Kxg2 Qxe6 12. Qa4+ Kf7 13. Qxa6 Qe4+ 14. Kg1 Qxe2 15. Qb7+ Be7 16. Nc3 Qxc4 17. Re1 Rhe8 18. Bg5 Kg6 19. Rxe7 Rxe7 20. Qxe7 Kxg5 21. Rd1 Kg6 22. Rxd6 Qg4 23. Nd5 Qf5 24. h4 Rg8 25. h5+ Kg5 26. Nxf6 gxf6 27. Qf7 Qb1+ 28. Kh2 1-0